000 01224nam a2200229Ia 4500
003 Ost
005 20260507075742.0
008 260507s9999||||xx |||||||||||||| ||und||
040 _cfsecg
041 _aara
082 _a330
100 _aسويدان، نظام موسى
_eمؤلف
245 0 _aالتسويق :
_bمفاهيم معاصرة /
_c نظام موسى سويدان
250 _aطبعة 2
260 _aعمان:
_bدار الحامد للنشر والتوزيع,
_c2006
300 _a389 صفحة؛
_bإيضاحات ؛
_c24 سم
520 _aمقدمة عامة في التسويق- البيئة التسويقية- المسؤولية الإجتماعية والأخلاقية للتسويق- بحوث التسويق وأنظمة المعلومات التسويقية- تجزئة السوق- سلوك المستهلك الشرائي- سلوك منظمات الأعمال الشرائي- استراتيجية التسعير- استراتيجية التوزيع- استراتيجية الترويج- التسويق الدولي- التسويق الإلكتروني
653 _aإدارة الأعمال
653 _aالبيئة التسويقية
653 _aالتسويق
942 _cكتاب
999 _c46157
_d46157